000
00326nam a22001457a 4500
008
210507b ||||| |||| 00| 0 eng d
020
_a
2900470607793
041
_a
eng
080
_a
004
082
_a
004
100
_a
28
101
_a
SHKI
245
_a
Creative Suite 5 Design Premium
_c
Jennifer Smith
942
_2
udc
_c
BK
999
_c
57099
_d
57099